000 00472nam a2200217Ia 4500
003 OSt
005 20221006151625.0
006 a|||||r|||| 00| 0
007 ta
008 221006b |||||||| |||| 00| 0 eng d
020 _cHK
_12.10
024 _a22,785
037 _cTextual
040 _aEASL
_cEASL
_beng
041 _2eng
_aeng
245 0 _aJu-lin wai-shih
260 _c1977
300 _a540p.
_ccm.
942 _cTEXL
_2CC
999 _c1090871
_d1090871